| 000 | 00747nam a2200217 i 4500 | ||
|---|---|---|---|
| 001 | 73363 | ||
| 003 | ES-MaACL | ||
| 005 | 20250912122413.0 | ||
| 007 | t| | ||
| 008 | 041005s1998 sp ||||1| spa d | ||
| 020 | _a84-87600-69-7 | ||
| 080 | _a946.025.1 C. | ||
| 245 | 0 | 4 |
_aLos misterios de Cáceres / _cproyecto y coordinación de Esteban Cortijo. |
| 260 |
_aCáceres : _bCámara Oficial de Comercio e Industria de Cáceres, _c1998. |
||
| 300 |
_a200 p., [60] p. de lám. ; _c24 cm. |
||
| 651 | 4 |
_aCáceres- _xHistoria. _9146014 |
|
| 700 | 0 |
_aCortijo Parralejo, Esteban, _d1952- _940933 |
|
| 710 | 2 |
_aCámara Oficial de Comercio e Industria de Cáceres _92376 |
|
| 852 |
_aES-MaACL _jL-28164 _bR.134002 |
||
| 999 |
_c73363 _d73363 |
||